Advanced environmental monitoring with remote sensing time series data and R / (Record no. 31889)

000 -LEADER
fixed length control field 02260cam a22003738i 4500
001 - CONTROL NUMBER
control field 21418006
005 - DATE AND TIME OF LATEST TRANSACTION
control field 20231017114029.0
008 - FIXED-LENGTH DATA ELEMENTS--GENERAL INFORMATION
fixed length control field 200119s2020 flu b 001 0 eng
010 ## - LIBRARY OF CONGRESS CONTROL NUMBER
LC control number 2019040756
020 ## - INTERNATIONAL STANDARD BOOK NUMBER
International Standard Book Number 9780367205270
020 ## - INTERNATIONAL STANDARD BOOK NUMBER
Canceled/invalid ISBN 9780429262050
040 ## - CATALOGING SOURCE
Original cataloging agency LBSOR/DLC
Language of cataloging eng
Description conventions rda
Transcribing agency DLC
042 ## - AUTHENTICATION CODE
Authentication code pcc
043 ## - GEOGRAPHIC AREA CODE
Geographic area code mm-----
050 00 - LIBRARY OF CONGRESS CALL NUMBER
Classification number G 70
Item number .4G46 2020
082 00 - DEWEY DECIMAL CLASSIFICATION NUMBER
Classification number 363.7/063
Edition number 23
100 1# - MAIN ENTRY--PERSONAL NAME
Personal name Gemitzi, Alexandra,
Relator term author.
245 10 - TITLE STATEMENT
Title Advanced environmental monitoring with remote sensing time series data and R /
Statement of responsibility, etc. authored by Alexandra Gemitzi, Nikolaos Koutsias, and Venkat Lakshmi.
260 ## - PUBLICATION, DISTRIBUTION, ETC. (IMPRINT)
Place of publication, distribution, etc. Boca Raton, FL. :
Name of publisher, distributor, etc. CRC Press,
Date of publication, distribution, etc. 2020.
300 ## - PHYSICAL DESCRIPTION
Extent xi, 101p.:
Other physical details ill.' col.;
Dimensions 23 cm.
504 ## - BIBLIOGRAPHY, ETC. NOTE
Bibliography, etc Includes Biblio. Ref. and index.
505 0# - FORMATTED CONTENTS NOTE
Formatted contents note Environmental application of medium to high resolution remotely sensed data -- Environmental applications of medium resolution remote sensing imaging -- Environmental applications of low resolution remotely sensed data -- Processing remotely sensed data.
520 ## - SUMMARY, ETC.
Summary, etc. "Provides a step-by-step guide on how to use various publicly-available, remotely-sensed time series data sources for environmental monitoring and assessment. Readers will learn how extract valuable information on global changes from a 20-year collection of ready-to-use remotely-sensed data through the free, open GIS and statistical software R. The case studies are from the Mediterranean region- a designated hot spot regarding climate change effects. Each chapter is dedicated to specific remote sensing products chosen for their spatial resolution. The methods used are adapted from large-scale to smaller-scale problems for different land cover areas"--
650 #0 - SUBJECT ADDED ENTRY--TOPICAL TERM
Topical term or geographic name as entry element Environmental monitoring
General subdivision Remote sensing.
650 #0 - SUBJECT ADDED ENTRY--TOPICAL TERM
Topical term or geographic name as entry element Remote sensing
General subdivision Data processing.
650 #0 - SUBJECT ADDED ENTRY--TOPICAL TERM
Topical term or geographic name as entry element Time-series analysis
General subdivision Data processing.
650 #0 - SUBJECT ADDED ENTRY--TOPICAL TERM
Topical term or geographic name as entry element R (Computer program language)
650 #0 - SUBJECT ADDED ENTRY--TOPICAL TERM
Topical term or geographic name as entry element Environmental monitoring
Geographic subdivision Mediterranean Region
General subdivision Remote sensing
Form subdivision Case studies.
700 1# - ADDED ENTRY--PERSONAL NAME
Personal name Koutsias, Nikolaos,
Relator term author.
700 1# - ADDED ENTRY--PERSONAL NAME
Personal name Lakshmi, Venkataraman,
Dates associated with a name 1966-
Relator term author.
906 ## - LOCAL DATA ELEMENT F, LDF (RLIN)
a 7
b cbc
c orignew
d 1
e ecip
f 20
g y-gencatlg
942 ## - ADDED ENTRY ELEMENTS (KOHA)
Source of classification or shelving scheme
Classification part G 70 .4G46 2020
Koha item type Hard Covered Materials
Holdings
Withdrawn status Lost status Source of classification or shelving scheme Damaged status Not for loan Home library Current library Shelving location Date acquired Source of acquisition Total Checkouts Full call number Barcode Date last seen Price effective from Koha item type
          MACHAKOS UNIVERSITY LIBRARY MACHAKOS UNIVERSITY LIBRARY Open shelf 18/09/2023 Purchase- Falcon Books   G 70 .4G46 2020 39712 17/10/2023 17/10/2023 Hard Covered Materials
© Machakos University Library, Along The Highway, Machakos Wote Rd, Machakos, Kenya P.O. Box 136 - 90100 Machakos - Kenya

Tel: ( +254 ) 723 805829 OR Fax : 044-20353 OR Email: library@mksu.ac.ke